Bài tập hàm biến phức

Saved in:
Bibliographic Details
Main Author: Lê, Mậu Hải
Other Authors: Bùi Đắc Tắc (Tác giả)
Format: Book
Language:Vietnamese
Published: H. Giáo dục 2001
Subjects:
Tags: Add Tag
No Tags, Be the first to tag this record!
Institutions: Mạng thư viện Đại học Đà Nẵng
LEADER 01023nam a2200325 4500
001 000013117
003 9454
005 20120309080359.0
008 120309s2001 viesd
020 |c 14000đ 
041 0 |a vie 
082 |a 515.9076  |b LÊ-H 
100 0 |a Lê, Mậu Hải 
245 0 |a Bài tập hàm biến phức  |c Lê Mậu Hải, Bùi Đắc Tắc 
260 |a H.  |b Giáo dục  |c 2001 
300 |a 151 tr.  |c 21 cm 
653 |a Bài tập 
653 |a Hàm biến phức 
700 |a Bùi Đắc Tắc  |e Tác giả 
910 |a duyên 
OWN |a LSP 
AVA |a UDN50  |b LSP  |d 515.9076 LÊ-H  |e check_holdings  |t Error 5003 Not defined in file expand_doc_bib_avail.  |h N  |k 1 
999 |a From the UDN01 
AVA |a UDN50  |b LSP  |d 515.9076 LÊ-H  |e available  |t Error 5001 Not defined in file expand_doc_bib_avail.  |f 79  |g 17  |h N  |i 77  |k 1 
TYP |a Monograph 
TYP |a Printed language 
980 |a Mạng thư viện Đại học Đà Nẵng